[Event "2nd Sharjah Masters 2018"]
[Site "Sharjah"]
[Date "2018.04.19"]
[Round "9"]
[White "Vishnu Prasanna. V"]
[Black "Arjun Kalyan"]
[Result "1-0"]
[WhiteElo "2510"]
[BlackElo "2397"]
[Annotator "TA"]
[PlyCount "93"]
[EventDate "2018.??.??"]
[EventType "swiss"]
[EventCountry "UAE"]
[SourceTitle "playchess.com"]
[Source "ChessBase"]
[SourceQuality "1"]

{[%evp 22,93,23,8,37,23,35,18,55,46,55,56,262,68,114,66,70,73,69,65,102,87,91,87,91,85,84,83,91,91,136,162,149,152,247,84,85,63,118,91,319,163,210,192,464,237,389,388,409,267,307,277,524,532,482,356,495,502,576,297,1087,1061,1175,1162,1135,1168,29987,29988,29988,29987,29990,29991,29991,29992]} 1. c4 Nf6 2. g3 g6 3. Bg2 Bg7 4. Nc3 O-O 5. e4 d6 6. Nge2 e5 7. O-O Nbd7 8. d3 c6 9. h3 a6 10. a4 {A24: English Opening vs King's Indian: Lines without ...Nc6} a5 11. Be3 Nc5 12. f4 {LiveBook: 3 Games. Black must now prevent fxe5.White has an edge.} Qe7 (12... Nfd7 13. f5 Qb6 14. Rb1 Qb3 15. Qd2 Ra6 16. g4 Nxa4 17. Nc1 Qb4 18. N1a2 Qb3 {1-0 (54) Rakhmanov,A (2654)-Paunovic,D (2439) Llucmajor 2016}) 13. Qc2 Bd7 $146 ({Predecessor:} 13... Nfd7 14. d4 Ne6 15. Rad1 exd4 16. Nxd4 Ndc5 17. Qf2 f5 18. Nxe6 Bxe6 {0-1 (39) Smolen,J (2100)-Dobrotka,M (2185) Slovakia 2001}) 14. Rae1 Rfe8 15. Rf2 h6 16. Ref1 Kh7 $2 ({Better is} 16... exf4 $14 17. Rxf4 Rf8) 17. Kh2 $2 (17. fxe5 $1 $18 dxe5 18. d4) 17... Ne6 18. f5 Nc5 19. g4 g5 20. Bf3 Rh8 21. Kg1 Rhc8 22. Rh2 Kg8 23. h4 Nh7 24. Ng3 gxh4 25. Nh5 Ng5 26. Bd1 {Strongly threatening f6.} f6 27. Rxh4 Bf8 {[#]} (27... Rd8 $16 {was called for.}) 28. Kg2 $2 (28. d4 $1 $18 {and the rest is easy.}) 28... Be8 $16 29. Rfh1 Na6 (29... Bxh5 $14 30. Rxh5 b6) 30. Qd2 Nb4 $2 {[#]} (30... Nc5 $16) 31. Ng3 (31. c5 $142 $1) 31... Qg7 32. Bb3 (32. Rxh6 Qxh6 33. Rxh6 Bxh6 $16) 32... Rd8 $2 (32... Bf7 {might work better.} 33. Nce2 (33. Rxh6 Qxh6 34. Rxh6 Bxh6 $16) 33... Ra6 34. Rxh6 Qxh6) 33. d4 (33. Rxh6 $142 {Hoping for c5+.} Qxh6 34. c5+ (34. Rxh6 Bxh6 35. d4 Kh7 $16) 34... d5 35. Rxh6 Bxh6 36. exd5) 33... exd4 $2 (33... Bf7 34. Rxh6 Qxh6 35. Rxh6 Bxh6) 34. Bxd4 $18 c5 35. Be3 Bc6 36. Nd5 ({Don't play} 36. Rxh6 $6 Qxh6 37. Rxh6 Bxh6 $16) 36... Nxd5 $2 (36... Re8 {keeps fighting.} 37. Nh5 (37. Rxh6 Nxe4 38. Nxe4 Bxd5 $14) 37... Nxe4 38. Nxg7 Nxd2 39. Nxe8 Rxe8 40. Bxd2 Bxd5+ 41. cxd5 Re2+ 42. Kg3 Rxd2) 37. cxd5 Be8 38. Bc2 b5 39. axb5 Rdb8 40. Qc3 Rxb5 $2 (40... Qe7 41. Rxh6 Bxh6) 41. Rxh6 Qxh6 42. Rxh6 Bxh6 43. Qxf6 Bg7 44. Qxg5 {White mates.} Rxb2 45. f6 {[%csl Gf6][%cal Rg5g7]} Rxc2+ 46. Kh3 {[%csl Gf6][%cal Rg5g7]} Ra7 47. Nf5 {Precision: White = 54%, Black = 24%.} 1-0

[Event "2nd Sharjah Masters 2018"]
[Site "Sharjah"]
[Date "2018.04.19"]
[Round "9"]
[White "Haddouche, Mohamed"]
[Black "Zhu, Yilun"]
[Result "1/2-1/2"]
[WhiteElo "2506"]
[BlackElo "2195"]
[Annotator "TA"]
[PlyCount "135"]
[EventDate "2018.??.??"]
[EventType "swiss"]
[EventCountry "UAE"]
[SourceTitle "playchess.com"]
[Source "ChessBase"]
[SourceQuality "1"]

{[%evp 19,135,-11,-13,-60,-59,-54,-61,-75,-54,-67,6,6,8,0,0,0,0,0,0,0,0,-64,-62,-93,-87,-103,-114,-92,-87,-83,-73,-94,-97,-121,-101,-200,-122,-118,-116,-170,-168,-202,-55,-54,-62,-63,-49,-70,-51,-58,-40,-53,-35,-52,-17,-59,0,-67,-80,-100,0,-8,0,0,39,33,46,22,35,42,60,0,0,0,0,0,0,0,0,0,0,0,0,0,0,0,0,0,0,0,0,0,0,0,0,0,0,0,0,0,0,0,0,0,0,-8,0,0,0,0,0,0,0,0,0,0,0,0]} 1. e4 c5 2. Nf3 d6 3. c3 Nf6 4. Bd3 Nc6 5. h3 d5 6. e5 Nd7 7. Bb5 {B50: Sicilian: 2...d6, Miscellaneous} e6 8. O-O Qb6 9. Ba4 c4 10. d4 cxd3 $1 {LiveBook: 4 Games} 11. b4 a5 12. a3 $1 Qc7 {[%cal Ra5b4]} 13. Bf4 {[#]} axb4 $146 ({Predecessor:} 13... Nb6 14. Nbd2 Nxa4 15. Qxa4 {1-0 (38) Bauer,C (2609)-Palac,M (2571) Geneve 2007}) 14. cxb4 b5 (14... Be7 $15 15. Nc3 O-O 16. Qxd3 Ndxe5 17. Nxe5 Nxe5) 15. Bxb5 $11 {Hoping for Nc3.} Nxb4 16. Qd2 Qc2 17. Nd4 Qxd2 18. Nxd2 Nc2 19. Nxc2 dxc2 20. a4 (20. Rfc1 $11) 20... Ba6 $15 21. Nb3 Bb4 22. Rac1 Bxb5 23. axb5 Rc8 $36 {[%mdl 2048] Black is in control.} 24. Nd4 Rc4 25. Be3 Nxe5 26. Nxc2 Bd6 27. Nd4 (27. Ra1 $17 {was forced.} Ke7 28. Nd4) 27... Kd7 28. Ra1 Rc7 29. Rfb1 (29. b6 $17 {was called for.} Rb7 30. Ra7) 29... Nc4 $19 30. Nc6 Nxe3 ({Better is} 30... Na3 $19 31. Ne5+ Ke7 32. Nc6+ {[#]} Rxc6 $1 {[%mdl 512]} 33. Rxa3 Bxa3 34. bxc6 e5) 31. fxe3 $15 Rb7 32. Kf2 Rc8 33. Ke2 f6 34. Kd3 h5 35. e4 dxe4+ 36. Kxe4 g5 37. Ra2 h4 (37... f5+ $15 38. Kd3 e5) 38. Kd4 (38. Rd2 $11 Rxb5 39. Rxb5 Rxc6 40. Rb7+ Rc7 41. Rb6 Rc4+ 42. Kf3) 38... Ke8 39. Ra6 Kd7 ({Black should try} 39... Rd7 $17 40. Kc4 Bf4) 40. Kc4 Kc7 41. Rd1 Bf8 42. Rd3 {[%mdl 1024] White has compensation.} Rb6 {[#] Strongly threatening ...Rxa6.} 43. Ra7+ Rb7 {White must now prevent ...Rxa7.} 44. Ra2 Rb6 45. Rc3 (45. Rf3 $1 $14) 45... Bd6 $11 {The position is equal.} 46. Rd3 Rxc6+ (46... Kd7 {with more complications.} 47. Ra7+ Rc7 48. Ra8 Rcxc6+ 49. bxc6+ Rxc6+ 50. Kb5 Rc7) 47. bxc6 Kxc6 {[%mdl 4096] Endgame KRR-KRB} 48. Kd4 Kd7 49. Ra7+ Rc7 50. Rxc7+ Kxc7 {KR-KB} 51. Rd2 Bf4 52. Ra2 Kd6 53. Ra6+ Ke7 54. Kc5 Be3+ 55. Kc6 f5 56. Ra3 Bf2 57. Ra4 Be3 58. Rb4 Bf2 59. Rb2 Be3 60. Re2 Bg1 61. Re1 Bf2 62. Rf1 (62. Ra1 {is interesting.} Bg3 63. Ra7+ Kf6 64. Ra4 e5 65. Kd5) 62... Be3 63. Rb1 Bf2 64. Rb4 Be3 65. Rc4 Bf2 66. Ra4 Be3 67. Rb4 Bf2 68. Ra4 {Precision: White = 54%, Black = 58%.} 1/2-1/2

[Event "2nd Sharjah Masters 2018"]
[Site "Sharjah"]
[Date "2018.04.19"]
[Round "9"]
[White "Erigaisi Arjun"]
[Black "Amin, Bassem"]
[Result "1/2-1/2"]
[WhiteElo "2481"]
[BlackElo "2700"]
[Annotator "TA"]
[PlyCount "160"]
[EventDate "2018.??.??"]
[EventType "swiss"]
[EventCountry "UAE"]
[SourceTitle "playchess.com"]
[Source "ChessBase"]
[SourceQuality "1"]

{[%evp 16,160,21,24,35,16,25,25,34,52,39,52,33,18,15,7,15,0,15,0,7,8,18,0,60,66,66,65,75,40,68,35,25,24,10,33,113,99,85,68,159,132,179,112,129,20,19,0,0,0,0,0,0,0,0,-52,-1,-15,0,0,0,0,0,-33,0,0,0,0,0,0,0,0,0,0,16,17,16,13,14,0,56,54,63,64,43,12,12,12,12,12,12,12,12,12,12,12,46,46,51,28,28,28,43,0,21,0,43,43,45,45,50,46,48,43,43,16,16,16,20,20,20,20,24,12,20,20,28,28,40,40,40,40,40,40,40,40,40,40,40,40,40,0,40,40,40,0,0]} 1. d4 Nf6 2. c4 e6 3. Nf3 Bb4+ 4. Bd2 c5 5. Bxb4 cxb4 6. g3 b6 7. Bg2 Bb7 8. O-O a5 {E16: Queen's Indian: 4 g3 Bb7 5 Bg2 Bb4+} (8... O-O 9. Qb3 a5 10. a3 Na6 11. Nbd2 d6 12. Rfd1 Qd7 13. Qd3 Rfe8 14. Ne1 Bxg2 15. Kxg2 Qc7 16. Nc2 bxa3 17. bxa3 Nb8 18. Rab1 Nbd7 19. e4 e5 {1-0 (55) Vidit,S (2689)-Akopian,V (2675) Doha 2016}) 9. Qd3 {LiveBook: 4 Games} d6 10. Nbd2 Qe7 11. e4 $146 ({Find the theoretical novelty and annotate with similar games:} 11. a3 Na6 12. Ne1 Bxg2 13. Kxg2 O-O 14. Nc2 bxa3 15. bxa3 e5 16. e4 exd4 17. Qxd4 {1-0 (47) Andonovski,L (2277)-Petrovski,A (2233) Struga 2009}) 11... e5 12. a3 bxa3 13. Qxa3 Nc6 14. d5 Nb4 15. Rfc1 Nd7 16. Ne1 Nc5 17. Nb3 Nca6 18. Qa4+ Kf8 19. f4 f6 (19... exf4 $11 20. gxf4 Bc8) 20. fxe5 fxe5 21. Qb5 Qd8 22. Nc2 Bc8 23. Nxb4 (23. c5 $5 bxc5 24. Nxa5 Nxc2 25. Rxc2 $16) 23... Nxb4 24. c5 $1 $36 {[%mdl 2048] Black is under pressure.} dxc5 25. Qc4 Kf7 (25... h5 $14) 26. Rf1+ $16 {[%mdl 1024] White has strong compensation.} Kg6 27. Qc3 Re8 {[#]} (27... h6 $14) 28. Nd2 $1 {And now Nc4 would win.} ({Much weaker is} 28. Qf3 Ra7 $14) 28... Qe7 29. Nc4 (29. Rad1 $18) 29... Ba6 30. d6 (30. Bh3 $16 Bxc4 31. Qxc4) 30... Qe6 $11 31. d7 Re7 32. Rfd1 $1 {[%cal Rd1d6] [#] Hoping for Rd6.} Bxc4 33. d8=Q Rxd8 34. Rxd8 Nc6 $1 {[%cal Rc6d8]} 35. Rf8 ({White should play} 35. Rd5 $11 Ba6 36. Bf1 Bxf1 37. Rxf1) 35... Nd4 (35... Rf7 $15 36. Rxf7 Qxf7) 36. Bh3 $1 {[%cal Rh3f5]} Ne2+ 37. Kg2 Qxh3+ 38. Kxh3 Nxc3 39. bxc3 {[%mdl 4096] Endgame KRR-KRB} Bb3 40. Rb8 Re6 41. Kg2 a4 42. Kf3 Rd6 43. Ke3 c4 44. Ke2 Kh6 45. Re8 Rd3 46. Rxe5 {White wants to play Re6+.} Rxc3 47. Re6+ g6 (47... Kg5 $11) 48. Rxb6 $14 Rc2+ 49. Ke3 Rxh2 50. e5 {[%cal Be4e5,Be5e6][%mdl 32]} c3 51. e6 Rh5 $1 52. Kd4 {Threatens to win with e7.} Rd5+ 53. Kxc3 Re5 54. Rh1+ Kg5 $1 55. Rxh7 {Black must now prevent e7.} Bxe6 56. Re7 Kf5 $1 57. g4+ Kf6 58. Ra7 {Kd4 is the strong threat.} Kg5 59. Re7 Kf6 $1 {[%cal Rf6e7]} 60. Ra7 {Strongly threatening Kd4.} Kg5 61. Raa6 ({Don't do} 61. Rxa4 Bxg4 62. Ra1 Be2 $16) 61... Bxg4 62. Rxg6+ Kh5 63. Rg7 Re4 64. Rga7 (64. Rb6 {NOTEXT} Kh4 65. Rb1 Kg3 66. Kd3 Rf4 67. Ke3) 64... Kg5 65. Rxa4 (65. Rf7 {NOTEXT} Be6 66. Ra5+ Kg4 67. Rf6 Bb3 68. Ra8) 65... Rxa4 66. Rxa4 {KR-KB} Be6 67. Kd4 Kf6 68. Ke4 Bf7 69. Kf4 Bg8 70. Ra6+ Kg7 71. Kg5 Kh8 72. Kg6 Bh7+ 73. Kf7 {Intending Ra8+ and mate.} Bg8+ 74. Kf8 Bh7 75. Ra4 Bg6 76. Rg4 Bc2 77. Rg3 Bb1 78. Rg4 Bc2 79. Rh4+ Bh7 80. Rxh7+ Kxh7 {Precision: White = 58%, Black = 66%.} 1/2-1/2

[Event "2nd Sharjah Masters 2018"]
[Site "Sharjah"]
[Date "2018.04.19"]
[Round "9"]
[White "Vignesh N R"]
[Black "Puranik, Abhimanyu"]
[Result "1/2-1/2"]
[WhiteElo "2475"]
[BlackElo "2520"]
[Annotator "TA"]
[PlyCount "65"]
[EventDate "2018.??.??"]
[EventType "swiss"]
[EventCountry "UAE"]
[SourceTitle "playchess.com"]
[Source "ChessBase"]
[SourceQuality "1"]

{[%evp 31,65,4,5,6,9,10,12,0,0,0,0,0,0,0,0,0,0,0,0,0,0,0,0,0,0,0,0,0,0,0,0,0,0,0,0,0]} 1. d4 Nf6 2. c4 g6 3. Nf3 Bg7 4. g3 d5 5. cxd5 Nxd5 6. Bg2 Nb6 7. O-O Nc6 8. e3 O-O 9. Nc3 Re8 10. d5 Na5 11. Nd4 Bd7 12. b3 c6 {D76: Fianchetto Grünfeld: Main Line with 7...Nb6} (12... Rc8 13. e4 c6 14. Be3 cxd5 15. Nxd5 e5 16. Nxb6 exd4 17. Nxc8 dxe3 18. Nd6 Bxa1 19. Nxe8 Be5 20. Bh3 {½-½ (41) Baburin,A (2487)-Vachier Lagrave,M (2813) Baku 2016}) 13. dxc6 Nxc6 14. Nxc6 Bxc6 15. Bxc6 Qxd1 16. Rxd1 bxc6 {LiveBook: 7 Games. The position is equal.} 17. Bb2 a5 18. Rac1 a4 19. Nxa4 (19. Rd2 {is interesting.} axb3 20. axb3 Rec8 21. Ne4 Nd5 22. Bxg7 Kxg7 23. Nc5) 19... Nxa4 20. Bxg7 Kxg7 21. bxa4 Rxa4 22. Rxc6 Rxa2 $11 {[%mdl 4096] Endgame KRR-KRR} 23. Rc7 $146 f6 24. h4 h5 25. Kg2 Kf7 26. Rdd7 Rb2 27. Kf3 Ra2 28. Rb7 Ra6 29. Rdc7 Re6 30. Ra7 Rb8 31. Rcb7 Rxb7 32. Rxb7 Ra6 33. Ke4 {Precision: White = 56%, Black = 100%.} 1/2-1/2

[Event "2nd Sharjah Masters 2018"]
[Site "Sharjah"]
[Date "2018.04.19"]
[Round "9"]
[White "Iniyan, P."]
[Black "Kravtsiv, Martyn"]
[Result "1-0"]
[WhiteElo "2466"]
[BlackElo "2680"]
[Annotator "TA"]
[PlyCount "93"]
[EventDate "2018.??.??"]
[EventType "swiss"]
[EventCountry "UAE"]
[SourceTitle "playchess.com"]
[Source "ChessBase"]
[SourceQuality "1"]

{[%evp 23,93,4,11,8,23,3,11,20,14,10,22,6,35,24,35,23,37,22,22,19,16,16,25,7,25,22,71,62,64,49,64,60,118,97,93,63,60,60,60,60,76,60,59,60,59,60,60,60,59,59,58,58,78,58,1151,1151,1050,1050,29972,956,29977,29979,29979,29980,29980,29981,29981,29978,29978,29980,29980,29981]} 1. d4 d5 2. c4 e6 3. Nc3 Be7 4. Nf3 Nf6 5. Bg5 h6 6. Bh4 O-O 7. e3 Nbd7 8. Rc1 c5 {D63: Queen's Gambit Declined: Classical: 7 Rc1} 9. cxd5 Nxd5 10. Bxe7 Nxe7 11. Be2 b6 12. O-O Bb7 {LiveBook: 11 Games} 13. Qa4 cxd4 14. Qxd4 Nf5 15. Qf4 g5 16. Qa4 $146 ({Predecessor:} 16. Qb4 a5 17. Qb3 Nc5 18. Qc2 Re8 19. Qb1 Qf6 20. Rfd1 {½-½ (39) Davidson,J-Tartakower,S Spa 1926}) 16... Nc5 17. Qg4 Nd7 18. Rfd1 {And now Qa4 would win.} Qe7 19. Ne4 Rad8 20. Rc7 Bxe4 $1 21. Qxe4 {aiming for g4.} Nc5 22. Rxe7 Nxe4 23. Rxd8 Rxd8 24. Rxa7 Rc8 {With the idea ...g4.} 25. Ra4 $1 {[%cal Ra4e4]} Nfd6 26. Rd4 Rc2 27. Bd3 Rxb2 (27... Rc1+ $14 28. Bf1 f5) 28. h4 ({Reject} 28. Rxe4 $6 Nxe4 29. Bxe4 Rxa2 $11) 28... f5 29. hxg5 hxg5 30. Nxg5 Nxg5 31. Rxd6 $16 {[%mdl 4096] Endgame f4 is the strong threat. KRB-KRN} Rd2 32. Rd4 Rxa2 33. f4 Nh7 34. Bc4 Ra1+ 35. Kf2 Nf8 36. Rd6 Kf7 $1 37. Rxb6 Rc1 38. Bd3 Nd7 $2 {[%mdl 8192]} (38... Kf6 $14) 39. Rb7 $18 Ke7 40. Bb5 $1 {[%cal Rb5d7]} Rd1 {[#]} 41. e4 $1 {[%mdl 512]} Kd8 (41... fxe4 42. Rxd7+) 42. Rxd7+ {White mates.} Rxd7 43. Bxd7 Kxd7 44. exf5 exf5 45. Ke3 Ke6 {[#]} 46. Kd4 $1 {[%cal Rd4c5]} Kd6 47. g3 {Precision: White = 79%, Black = 37%.} 1-0

[Event "2nd Sharjah Masters 2018"]
[Site "Sharjah"]
[Date "2018.04.19"]
[Round "9"]
[White "Sundararajan, Kidambi"]
[Black "Abou El Zein, Eid Mahmoud"]
[Result "1-0"]
[WhiteElo "2436"]
[BlackElo "2156"]
[Annotator "TA"]
[PlyCount "121"]
[EventDate "2018.??.??"]
[EventType "swiss"]
[EventCountry "UAE"]
[SourceTitle "playchess.com"]
[Source "ChessBase"]
[SourceQuality "1"]

{[%evp 9,121,24,21,16,20,22,29,12,29,19,28,14,10,17,13,0,81,51,205,196,216,216,212,227,208,200,265,170,159,155,156,150,156,136,170,158,314,187,184,106,122,39,48,54,86,89,84,73,84,55,51,61,55,48,48,56,107,107,107,103,102,106,106,106,114,91,99,85,209,183,159,172,338,338,338,338,338,338,338,338,338,331,331,331,331,331,331,331,323,315,361,304,635,492,2803,2849,2485,1834,1727,1615,1215,1062,29975,29976,29977,29978,29967,12831,29991,29992,29992,29976,29995,29996]} 1. d4 f5 2. Nf3 Nf6 3. e3 g6 4. b4 Bg7 5. Bb2 O-O 6. Nbd2 $146 {A80: Dutch Defence: Unusual White second moves} ({Find the theoretical novelty and annotate with similar games:} 6. c4 b6 7. Be2 Bb7 8. O-O e6 9. Nc3 Qe7 10. Qb3 d6 11. d5 e5 {1-0 (26) Inarkiev,E (2689)-Cheparinov,I (2710) Riadh 2017}) 6... e6 7. Bd3 Qe7 8. a3 {White has an edge.} b6 9. c4 {[%cal Bc2c4,Bc4c5][%mdl 32]} Bb7 10. Qc2 d6 11. O-O $36 {[%mdl 2048] Black is under pressure.} Nbd7 12. Rfe1 e5 (12... c5 $11 {keeps the balance.}) 13. e4 $1 $16 {[%cal Re4f5]} f4 $2 {[#]} (13... fxe4 $14 14. Nxe4 Nxe4 15. Bxe4 Bxe4 16. Rxe4 a5) 14. c5 $1 $18 {[%cal Rc5c6][%mdl 512]} bxc5 15. bxc5 Rab8 16. Rab1 dxc5 17. dxe5 Ng4 {[%cal Rg4e5]} 18. e6 Nde5 19. Nxe5 Nxe5 20. Bxe5 Bxe5 21. Nf3 Bg7 22. Rb5 Rfd8 $2 (22... c6 $16 23. Rxc5 (23. Qxc5 Rfe8 $18) 23... Kh8) 23. Bf1 (23. Reb1 $142) 23... c6 24. Qxc5 (24. Rxc5 $18 Ba8 25. Ra5) 24... Kf8 25. Qxe7+ ({White should try} 25. Ra5 $16 {Threatens to win with Qxe7+.} Qxc5 26. Rxc5) 25... Kxe7 $14 26. Rc5 Kxe6 27. e5 Ke7 28. Ra5 a6 29. Rb1 c5 30. Rxc5 {Strongly threatening Rc7+.} Bxf3 31. Rxb8 Rxb8 32. gxf3 {[%mdl 4096] Endgame KRB-KRB} Rb1 (32... Kf8 $14) 33. Rc7+ $16 Kf8 34. e6 {And now Kg2 would win.} Re1 {[#]} 35. Rf7+ $1 Kg8 36. Rxf4 Bf8 37. Kg2 Bxa3 38. Bxa6 {Black must now prevent Bc4.} Kg7 (38... Bd6 $16 {was worth a try.} 39. Rd4 Be7) 39. Bc4 Kh6 40. Rf7 Rc1 $2 (40... Rb1 41. f4 Rb8) 41. Bb5 $18 Re1 {[#]} 42. Bd7 $1 Bc5 43. f4 Re2 44. Kg3 Re1 45. Kf3 Bd6 46. h4 Bc5 47. f5 gxf5 48. Rf6+ ({But not} 48. Rxf5 Bd6 $18) 48... Kg7 49. Rxf5 Bb4 50. Kg4 Re4+ $2 (50... Rg1+ 51. Kf4 Re1 52. Rf7+ Kg6) 51. Kh5 Bd6 (51... Kg8 $142 52. f4 Be7) 52. f3 Re1 53. Rf7+ Kg8 54. f4 Re4 55. Kg5 Bb4 56. h5 {[%cal Bh4h5,Bh5h6][%mdl 32]} Bc5 57. h6 Re1 58. Rg7+ Kh8 59. Kf6 {White mates.} Re4 60. Rg4 Bf8 61. Kf7 {Precision: White = 84%, Black = 36%.} 1-0

[Event "2nd Sharjah Masters 2018"]
[Site "Sharjah"]
[Date "2018.04.19"]
[Round "9"]
[White "Tahbaz, Arash"]
[Black "Ma, Lin"]
[Result "1-0"]
[WhiteElo "2434"]
[BlackElo "2156"]
[Annotator "TA"]
[PlyCount "89"]
[EventDate "2018.??.??"]
[EventType "swiss"]
[EventCountry "UAE"]
[SourceTitle "playchess.com"]
[Source "ChessBase"]
[SourceQuality "1"]

{[%evp 17,89,20,45,25,26,0,0,0,0,-38,-33,-18,-28,-26,-43,-56,0,0,0,0,0,-10,0,0,0,0,0,0,47,45,52,49,50,9,4,12,7,10,43,45,125,129,141,97,158,80,98,82,207,156,293,286,314,290,412,381,383,375,485,470,529,446,548,547,551,547,612,617,608,602,1064,625,595,479]} 1. c4 c5 2. Nf3 Nf6 3. Nc3 Nc6 4. g3 d5 5. cxd5 Nxd5 6. Bg2 Nxc3 7. bxc3 g6 {A34: Symmetrical English: 2 Nc3, lines with ...d5} (7... e5 8. O-O Be7 9. d3 O-O 10. c4 Be6 11. Bb2 f6 12. Nd2 Qd7 13. Ne4 Rfd8 14. Nc3 Rab8 15. a4 Bf8 16. Nd5 Ne7 17. e4 {1-0 (43) Nepomniachtchi,I (2767)-Yu,Y (2729) Doha 2016}) 8. h4 Bg7 9. h5 Qc7 {LiveBook: 5 Games. The position is equal.} 10. Qa4 Bd7 11. hxg6 hxg6 12. Rxh8+ Bxh8 13. Qh4 {[%cal Rh4h8]} O-O-O $1 14. Qc4 Nb4 $146 {[%cal Rb4c2]} ({Predecessor:} 14... Qa5 15. Ng5 {0-1 (32) Rotstein,A (2517)-Voicu Jagodzinsky,C (2211) Triesen 2004}) 15. Qb3 Be6 16. Qb2 $1 Bf5 (16... Bf6 $15) 17. Kf1 $11 Nc2 18. Rb1 {Strongly threatening g4!} Na3 19. Ra1 Nc2 20. Rb1 {Black must now prevent g4!} Na3 21. Qxa3 Bxb1 22. Ng5 Bf6 23. Nxf7 Rf8 24. Qxa7 Bf5 25. Bd5 e6 $132 {[%mdl 2048] Black has counterplay} 26. Bxb7+ $1 Kd7 27. Nh6 {Hoping for Ba3.} Bh3+ (27... Be4 $5 28. Qa4+ Bc6 29. Bxc6+ Qxc6 30. Qa7+ Qc7 $11) 28. Kg1 {Threatens to win with d4.} Rb8 (28... Rh8 $1 $14) 29. Qa4+ $16 Ke7 30. Bf3 {aiming for d4.} Kf8 (30... Bg5 $142) 31. Ng4 (31. Kh2 $142 Bf5 32. d3) 31... Bxg4 32. Bxg4 ({Don't go for} 32. Qxg4 $2 Rb1 $19) 32... Qd6 (32... Rb1 $16 {keeps fighting.} 33. Qc2 Qb7) 33. Kg2 Qd5+ {[#]} (33... Kf7 $16 34. Bf3 Rd8) 34. Bf3 $1 $18 {[%cal Rf3d5]} Qd6 {[#]} 35. d4 $1 Rd8 (35... Rc8 {was called for.} 36. dxc5 Qc7) (35... cxd4 36. Ba3) 36. Ba3 Kg7 37. Bxc5 Qc7 38. Qb3 {White is clearly winning.} Re8 39. e3 e5 40. a4 e4 41. Bg4 Rb8 42. Qe6 Ra8 43. Bd1 Qb7 44. Bc2 Ra6 45. Bxe4 {Precision: White = 71%, Black = 32%.} 1-0

[Event "2nd Sharjah Masters 2018"]
[Site "Sharjah"]
[Date "2018.04.19"]
[Round "9"]
[White "Dimakiling, Oliver"]
[Black "Petrosian, Tigran L."]
[Result "0-1"]
[WhiteElo "2412"]
[BlackElo "2609"]
[Annotator "TA"]
[PlyCount "122"]
[EventDate "2018.??.??"]
[EventType "swiss"]
[EventCountry "UAE"]
[SourceTitle "playchess.com"]
[Source "ChessBase"]
[SourceQuality "1"]

{[%evp 13,122,22,28,18,35,35,68,45,60,43,38,31,46,35,39,25,66,43,46,47,54,40,47,35,29,28,57,48,62,0,0,0,0,0,6,0,16,13,48,0,1,-47,-28,-28,-29,-30,0,0,0,-50,20,31,22,0,0,0,0,0,0,0,0,0,0,0,0,0,0,0,0,0,0,0,0,0,0,0,0,0,0,-277,-268,-331,-329,-326,-326,-308,-279,-328,-272,-643,-616,-1463,-12831,-12830,-12832,-12830,-12832,-12818,0,0,0,-11693,-10378,-12837,-2098,-12840,-12840,-12844,-12844,-12845,-12839]} 1. Nf3 g6 2. d4 Bg7 3. e4 d6 4. h3 Nf6 5. Bd3 O-O 6. O-O c5 {B07: Pirc Defence: Miscellaneous Systems} 7. dxc5 dxc5 {LiveBook: 6 Games} 8. e5 Nd5 {The position is equal.} 9. Be4 Nb4 $146 ({Predecessor:} 9... Nc7 10. Bg5 Nd7 11. Nc3 Ne6 12. Bh4 Nxe5 13. Nxe5 Bxe5 14. Qxd8 Rxd8 15. Bxe7 {½-½ (60) Berkes,F (2630)-Solak,D (2563) Mallorca 2004}) 10. Qe2 N4c6 11. Bf4 Nd4 12. Nxd4 cxd4 13. Rd1 Nc6 14. c3 {And now cxd4 would win.} Nxe5 15. cxd4 Nc6 16. Bxc6 $1 bxc6 17. Be5 Ba6 18. Qc2 Bxe5 19. dxe5 Qc8 20. Nd2 c5 21. Re1 (21. Rac1 $14) 21... Rd8 $11 22. Rac1 Rd5 23. b3 Qf5 24. Nf3 Bd3 25. Qc3 Rad8 26. Qa5 Be4 27. Rc3 Rd1 {Threatens to win with ...R8d2!} 28. Rce3 Bxf3 29. Rxf3 Rxe1+ 30. Qxe1 {[%mdl 4096] Endgame KQR-KQR} Qc2 31. Qa5 Qd1+ (31... Qc1+ $15 32. Kh2 Rd1) 32. Kh2 Qd5 33. Re3 Qd4 34. Re2 h5 35. Qc7 ({Don't go for} 35. Qxa7 $2 Qf4+ 36. g3 Qf3 $19) 35... e6 36. Qe7 ({Don't blunder} 36. Qxa7 $2 Qf4+ 37. g3 Qf3 $19) 36... Rd5 37. Qf6 ({Wrong is} 37. Qxa7 $2 Qf4+ 38. g3 Qf3 $19) 37... Qd3 (37... c4 {seems wilder.} 38. bxc4 Qxc4 39. Re3 Qd4 40. g4 hxg4 41. hxg4 Rb5) 38. Re3 Qf5 39. Qxf5 gxf5 {KR-KR} 40. f4 Rd2 41. Rc3 h4 42. a4 Rb2 43. a5 a6 44. Kg1 Kh7 45. Kf1 Kg6 46. g3 $2 {[%mdl 8192]} (46. Kg1 $11 {and White has nothing to worry.}) 46... Kh5 $1 $19 47. gxh4 Kxh4 48. Ke1 Ra2 49. Rxc5 {[#]} Kg3 $1 {[%cal Rg3f4]} 50. b4 Kxf4 51. h4 $2 (51. Kd1) 51... Kg3 52. h5 {[#] intending Rc3+.} f4 $1 {[%cal Bf5f4,Bf4f3][%mdl 32]} 53. Rc8 f3 54. Rg8+ Kf4 55. Rc8 Kg3 56. Rg8+ Kf4 {( -> ...f2+)} 57. Rc8 $1 Rh2 {Black is clearly winning.} 58. b5 Rxh5 (58... axb5 $142 59. Rc7 Rxh5) 59. Kf2 axb5 60. Rc7 Rh2+ 61. Kg1 Rg2+ {Precision: White = 55%, Black = 58%.} 0-1